AFI's 100 Years: 100 Songs from Movies - Statistics

General Stats
  • This quiz has been taken 99 times
  • The average score is 55 of 100
Answer Stats
Hint Answer % Correct
1. Over the Rainbow 1939 Wizard of Oz
97%
82.Ding Dong The Witch is Dead 1939 Wizard of Oz
97%
10.The Sound of Music 1965 The Sound of Music
95%
64.My Favorite Things 1965 The Sound of Music
95%
88.Do Re Mi 1965 The Sound of Music
95%
3. Singin in the Rain 1952 Singin in the Rain
94%
49. Make Em Laugh 1952 Singin in the Rain
94%
72.Good Morning 1952 Singin in the Rain
94%
14.My Heart Will Go On 1997 Titanic
94%
18.Cabaret 1972 Cabaret
93%
36. Supercalifragilisticexpialidocious 1964 Mary Poppins
93%
9. Stayin Alive 1977 Saturday Night Fever
92%
62.Beauty and the Beast 1991 Beauty and the Beast
90%
55.Flashdance...What a Feeling 1983 Flashdance
90%
53.Goldfinger 1964 Goldfinger
90%
96.Footloose 1984 Footloose
89%
6. Mrs. Robinson 1967 The Graduate
89%
99. Hakuna Matata 1994 The Lion King
89%
2. As Time Goes By 1942 Casablanca
86%
65. I Will Always Love You 1992 The Bodyguard
82%
78. 9 to 5 1980 9 to 5
81%
38. Shaft 1971 Shaft
81%
86. I've Had the Time of My Life 1987 Dirty Dancing
80%
51. Fame 1980 Fame
80%
19.Someday My Prince Will Come 1937 Snow White
80%
70. Summer Nights 1978 Grease
78%
68. Streets of Philadelphia 1993 Philadelphia
78%
21.Jailhouse Rock 1957 Jailhouse Rock
77%
25.High Noon 1952 High Noon
76%
7. When You Wish Upon a Star 1940 Pinocchio
76%
58.Gonna Fly Now 1976 Rocky
74%
79.Arthur's Theme: Best That You Can Do 1981 Arthur
72%
20.Somewhere 1961 West Side Story
70%
35.America 1961 West Side Story
70%
59. Tonight 1961 West Side Story
70%
4. Moon River 1961 Breakfast at Tiffany's
69%
29.Born to Be Wild 1969 Easy Rider
68%
98.All That Jazz 2002 Chicago
67%
33. Aquarius 1979 Hair
65%
44.Wind Beneath My Wings 1988 Beaches
61%
71. Yankee Doodle Dandy 1942 Yankee Doodle Dandy
61%
23.Raindrops Keep Fallin on My Head 1969 Butch Cassidy and the Sundance Kid
60%
31.New York New York 1977 New York, New York
60%
80. Springtime for Hitler 1967 The Producers
60%
74.Rainbow Connection 1979 The Muppet Movie
59%
97.42nd Street 1933 42nd Street
58%
93. Lose Yourself 2002 Eight Mile
57%
8. The Way We Were 1973 The Way We Were
57%
17.I Could Have Danced All Night 1964 My Fair Lady
56%
47.Zip-a-Dee-Doo-Dah 1946 Song of the South
56%
75. Up Where We Belong 1982 An Officer and a Gentleman
55%
66. Suicide is Painless 1970 MASH
55%
100.Old Time Rock and Roll 1983 Risky Business
55%
22.Everybody's Talkin 1969 Midnight Cowboy
53%
40.Fight the Power 1989 Do the Right Thing
52%
12.Diamonds Are a Girls' Best Friend 1953 Gentlemen Prefer Blondes
52%
89.Puttin on the Ritz 1974 Young Frankenstein
52%
26.The Trolley Song 1944 Meet Me in St. Louis
50%
76.Have Yourself a Merry Little Christmas 1944 Meet Me in St. Louis
50%
83.The Rose 1979 The Rose
50%
13. People 1968 Funny Girl
49%
46.Don't Rain on My Parade 1968 Funny Girl
49%
11.The Man That Got Away 1954 A Star is Born
48%
16.Evergreen 1976 A Star is Born
48%
60. It Had to Be You 1989 When Harry Met Sally
47%
42. Luck Be a Lady 1955 Guys and Dolls
45%
39.Days of Wine and Roses 1962 Days of Wine and Roses
44%
15.Cheek to Cheek 1935 Top Hat
44%
54.Shall We Dance 1956 The King and I
42%
67. Nobody Does it Better 1977 The Spy Who Loved Me
42%
28.Some Enchanted Evening 1958 South Pacific
41%
5. White Christmas 1942 Holiday Inn
39%
56.Thank Heaven for Little Girls 1958 Gigi
38%
85.Come What May 2001 Moulin Rouge
36%
95.We're Off on the Road to Morocco 1942 Road to Morocco
34%
48. Que Sera, Sera (Whatever Will Be, Will Be) 1956 The Man Who Knew Too Much
34%
32.I Got Rhythm 1951 An American in Paris
33%
24.Ol Man River 1936 Show Boat
32%
41.New York New York 1949 On the Town
27%
30.Stormy Weather 1943 Stormy Weather
26%
37. Swinging on a Star 1944 Going My Way
25%
50.Rock Around the Clock 1955 Blackboard Jungle
23%
43. The Way You Look Tonight 1936 Swing Time
23%
81.I'm Easy 1975 Nashville
20%
52.Summertime 1959 Porgy and Bess
20%
94.Ain't Too Proud to Beg 1983 The Big Chill
20%
57.The Windmills of Your Mind 1968 The Thomas Crown Affair
20%
91.Let the River Run 1988 Working Girl
18%
90. Seems Like Old Times 1977 Annie Hall
17%
84.Put the Blame on Mame 1946 Gilda
17%
34.Let's Call the Whole Thing Off 1937 Shall We Dance
17%
45.That's Entertainment 1953 The Band Wagon
17%
61.Get Happy 1950 Summer Stock
14%
87.Buttons and Bows 1948 The Paleface
10%
63. Thanks for the Memory 1938 The Big Broadcast of 1938
7%
77.The Shadow of Your Smile 1965 The Sandpiper
7%
69. On the Good Ship Lollipop 1934 Bright Eyes
6%
92.Long Ago and Far Away 1944 Cover Girl
5%
73.Isn't It Romantic 1932 Love Me Tonight
5%
27.Unchained Melody 1955 Unchained Melody
5%
No matching quizzes found
Score Distribution
Percent of People with Each Score
Percentile by Number Answered
Your Score History
You have not taken this quiz